000 00580cam a22001934a 4500
001 13159378
005 20250619084914.0
008 030411s2003 miua b 001 0 eng
020 _a0802839444 (pbk. : alk. paper)
041 1 _aeng
_hdan
050 0 0 _aBR145.3
_b.B3513 2003
082 0 0 _a270
_221
100 1 _aBalling, Jakob.
245 1 4 _aThe story of Christianity :
_bfrom birth to global presence /
_cJakob Balling.
260 _aGrand Rapids, Mich. :
_bW.B. Eerdmans,
_cc2003.
300 _aix, 294 p. :
_bill. ;
_c24 cm.
650 0 _aChurch history.
942 _2lcc
_cBK
_n0
999 _c6579
_d6579